| 000 | 00371nam a22001217a 4500 | ||
|---|---|---|---|
| 082 | _a200 THE | ||
| 100 |
_aSumrin Mehak Kabir, _970262 |
||
| 245 | _aTH-SOF-1131-Impulsive Noise Reduction using Adaptive Filters | ||
| 260 |
_aIslamabad _bNUST College of EME _c2015 |
||
| 650 | _a MS-ELECT-75 MSTHESIS | ||
| 700 |
_aSupervison Dr. Shahzad Amin Sheikh _970194 |
||
| 942 | _cCF | ||
| 999 |
_c577262 _d577262 |
||